000 00694am a2200265a 44500
003 AR-BaBNM
005 20251128205220.0
008 257019s1995 #AR|||||||||||000 | spa||
020 _a950-524-804-0
040 _cAR-BaBNM
100 1 _aDelorme, Jean
245 1 0 _aEl riesgo de la palabra
250 _a1ª ed.
260 _aBuenos Aires
_bEdiciones Lidiun
_c1995
300 _ax, 213 p.
490 0 _aCreencias, religión y mística
650 4 _aRELIGION
650 4 _aHISTORIA DE LAS RELIGIONES
650 4 _aENSEÑANZA DE LA LECTURA
650 4 _aDIFICULTAD EN LA LECTURA
653 _aPARABOLAS
700 1 _aHorne, Matilde
_etraductor
942 _cBK
998 _cCarmen
999 _c10488
_d10488